Kapesní I-ťing

Bibliographic Details
Main Author: Richter, Johan (Author)
Format: Book
Language:Czech
English
PhysicalDescription:177 s. ilustr. 19 cm
Published: Bratislava Eko-konzult 1997
ISBN:8088809185
Subjects:

MARC

LEADER 00000nam a2200000 a 4500
001 vtls001291187
003 SK-MaSNL
005 20260302032712.0
008 240315s1997 xo a r cze
015 |a SNBA1997/1002839 
020 |a 8088809185 
035 |a SNK000242851 
035 |a urn:nbn:sk:snk-amkrtf 
035 |a urn:nbn:sk:snk-am005b8t 
035 |a 1FF10AC1-CE4F-4828-93DF-A7711000D7E1 
040 |a SNK  |b slo  |c SNK  |e AACR2 
041 1 |a cze  |h eng 
044 |a xo  |c SK 
080 |a 133.3=850  |2 1981 
100 1 |a Richter, Johan  |4 aut  |9 46541 
245 1 0 |a Kapesní I-ťing  |c Richter Johan 
260 |a Bratislava  |b Eko-konzult  |c 1997 
300 |a 177 s.  |b ilustr.  |c 19 cm 
500 |a Ilustr. na tit. strane 
650 0 7 |a veštenie  |2 SNK  |9 2091 
655 7 |a príručky  |2 SNK  |9 74364 
919 |a 80-88809-18-5 
958 |a OP 
958 |a CZ 
999 |c 1058004  |d 1059934 
952 |t P60, <09>, [BOOK], {629}  |a SNK  |b SNK  |y NEVYP  |7 0  |o snkD 413  |i snk2945/970624  |0 0  |1 0  |4 0  |d 1997-06-23  |l 0  |r 2005-01-02 00:00:00  |w 2026-02-24 
952 |t P60, <03>, [BOOK], {603}  |a SNK  |b SNK  |y PREZ  |7 0  |p 17A0076320  |o snkSD 68708  |i snkKSP 6514/97  |0 0  |1 0  |4 0  |d 1997-06-23  |l 0  |r 2005-01-02 00:00:00  |w 2026-02-24 
952 |t P60, <04>, [BOOK], {604}  |a SNK  |b SNK  |y VYP  |7 0  |p 17A0076318  |o snkSD 68708 D1  |i snkKSP 6515/97  |0 0  |1 0  |4 0  |d 1997-06-23  |f 1  |l 0  |r 2005-01-02 00:00:00  |w 2026-02-24